| 000 | 00433nam a2200181Ia 4500 | ||
|---|---|---|---|
| 008 | 230718s9999 xx 000 0 und d | ||
| 041 | _aeng | ||
| 082 |
_a621.3815 _bCLA |
||
| 100 | _aClayton G.B. | ||
| 245 | _aOperational Amplifiers | ||
| 250 | _a2nd ed. | ||
| 260 |
_c1980 _bELBS |
||
| 300 |
_a410 _dRef 614 E (12496) |
||
| 365 | _cRs. | ||
| 500 | _aDonated Book Viswas Library | ||
| 700 | _aClayton G.B. | ||
| 906 | _cETC | ||
| 999 |
_c303618 _d303618 |
||